| 000 | 00521nam a2200181 a 4500 | ||
|---|---|---|---|
| 005 | 20210219160231.0 | ||
| 008 | 080926s1988 mx r 000 0 spa d | ||
| 020 | _a8475796346 | ||
| 035 | _aUPN01000161240 | ||
| 049 | _aUNE | ||
| 080 | _a37 (4) "1988" EUR. | ||
| 245 | 0 | 0 |
_aEuropa con los jóvenes : _bacciones Europeas en favor de los jóvenes. |
| 260 |
_aValencia : _bGeneralitat Valenciana Presidencia, _c1988. |
||
| 300 | _a202 p. | ||
| 690 | _aEducacion- Europa | ||
| 690 | _aCEE- Educacion | ||
| 905 | _aUNESCO | ||
| 999 |
_c133353 _d133353 |
||